Les plus grandes villes du Portugal - Statistiques

Statistiques générales
  • Ce quiz a été pris 146 fois
  • Le résultat moyen est 6 sur 15
Statistiques - réponses
Population Ville % Correct
509 515 Lisbonne
100%
216 606 Porto
99%
164 200 Braga
82%
108 300 Coimbra
58%
86 100 Setúbal
45%
114 700 Guimarães
44%
104 024 Funchal
31%
300 472 Vila Nova de Gaia
27%
184 106 Amadora
19%
112 400 Almada
15%
126 000 Odivelas
8%
104 900 Queluz
8%
135 200 Maia
6%
175 357 Matosinhos
6%
112 400 Santa Maria da Feira
2%
Aucun quiz correspondant
Distribution des résultats
% des personnes avec chaque résultat
Percentile par nombre de réponses
Votre historique - résultats
Vous n’avez pas pris ce quiz